000 00734nam a22001577a 4500
003 OSt
005 20150930151504.0
008 150930b xxu||||| |||| 00| 0 eng d
040 _cRUA
082 _aAGR LIM 2008 B063 Or.1
100 _91613
_aLIM, NALUCH.
245 _aEffect de quantite et mode d'application de chaux sur la culture de moutarde sur sol acide a svay chrum svay rieng, ការសិក្សាអំពីឥទ្ធិពលនៃបរិមាណ និងរបៀបនៃការប្រើប្រាស់កំបោរលើដំណាំស្ពៃខៀវនៅខេត្តស្វាយរៀង
260 _aPhnom Penh
_bRUA
_c2008
300 _aviii; 42p.
_bill.
_c29cm.
942 _2ddc
_cAGR
999 _c1523
_d1523